Yogasan (Hindi) (Record no. 11141)
[ view plain ]
| 000 -LEADER | |
|---|---|
| fixed length control field | 00275nam a2200121Ia 4500 |
| 008 - FIXED-LENGTH DATA ELEMENTS--GENERAL INFORMATION | |
| fixed length control field | 220613s9999||||xx |||||||||||||| ||und|| |
| 100 ## - MAIN ENTRY--PERSONAL NAME | |
| Author Name | Kuvalyananda Swami |
| 245 #0 - TITLE STATEMENT | |
| Title | Yogasan (Hindi) |
| 250 ## - EDITION STATEMENT | |
| Edition | 1st(1965) Reprint(2017) |
| 300 ## - PHYSICAL DESCRIPTION | |
| Page No | 162 |
| 650 ## - SUBJECT ADDED ENTRY--TOPICAL TERM | |
| Subject | Yoga |
| 942 ## - ADDED ENTRY ELEMENTS (KOHA) | |
| Koha item type | GB |
| Withdrawn status | Lost status | Source of classification or shelving scheme | Damaged status | Not for loan | Home library | Current library | Date acquired | Total Checkouts | Barcode | Date last seen | Date checked out | Koha item type |
|---|---|---|---|---|---|---|---|---|---|---|---|---|
| SRHU Library System | SRHU Library System | CL0018618 | GB | |||||||||
| Dewey Decimal Classification | SRHU Library System | School of Yoga Sciences | 25/05/2023 | 1 | CL0018577 | 14/09/2023 | 25/05/2023 | Yoga Science |
